gültige KFZ Kennzeichen - Statistiken

Allgemein
  • Dieses Quiz wurde 103 mal gespielt
  • Das Durchschnittsergebnis liegt bei 5 aus 14
Answers on the Grid
Answers color-coded by a green-red scale on the quiz's grid according to % correct below.
DÜW
HAL
EU
GER
HY
KYF
HH
OF
SPD
UEM
VER
WMS
WSW
ZZ
ARD
ETC
USW
WMF
BSP
HSG
BMW
AAA
ZB
I
 
Antwortstatistiken
Antwort % Korrekt
HH
74%
59%
OF
59%
HAL
50%
EU
41%
KYF
36%
GER
32%
VER
32%
DÜW
31%
ZZ
22%
HY
16%
UEM
11%
WMS
11%
WSW
11%
Keine übereinstimmenden Quizze gefunden
Verteilung der Resultate
Anzahl Personen mit jedem Resultat
Perzentil nach korrekt beantworteten Fragen
Ihre Resultats-Entwicklung
Sie haben dieses Quiz noch nicht gespielt